Trh v ekonomickem systemu socialismu (Record no. 943)

MARC details
000 -LEADER
fixed length control field 00483nam a22002057i 4500
001 - CONTROL NUMBER
control field 953
003 - CONTROL NUMBER IDENTIFIER
control field OSt
005 - DATE AND TIME OF LATEST TRANSACTION
control field 20170126082248.0
007 - PHYSICAL DESCRIPTION FIXED FIELD--GENERAL INFORMATION
fixed length control field tu
008 - FIXED-LENGTH DATA ELEMENTS--GENERAL INFORMATION
fixed length control field 161220s1989 xxu||||| |||| 00| 0 d
024 7# - OTHER STANDARD IDENTIFIER
Standard number or code 952
Source of number or code RID
040 ## - CATALOGING SOURCE
Transcribing agency OSt
084 ## - OTHER CLASSIFICATION NUMBER
Classification number 3.223
-- 15.540
Number source z
110 2# - MAIN ENTRY--CORPORATE NAME
Corporate name or jurisdiction name as entry element EU-CSAV
Relator term Ed.
242 00 - TRANSLATION OF TITLE BY CATALOGING AGENCY
Title Markt im Wirtschaftssystem d. Sozialismus
245 00 - TITLE STATEMENT
Title Trh v ekonomickem systemu socialismu
260 ## - PUBLICATION, DISTRIBUTION, ETC.
Place of publication, distribution, etc. Praha,
Date of publication, distribution, etc. 1989.
300 ## - PHYSICAL DESCRIPTION
Extent 97 S. ;
Dimensions 21cm.
651 ## - SUBJECT ADDED ENTRY--GEOGRAPHIC NAME
Geographic name Eastern Europe
942 ## - ADDED ENTRY ELEMENTS (KOHA)
Koha item type Book
Holdings
Withdrawn status Lost status Damaged status Not for loan Home library Current library Shelving location Date acquired Inventory number Total Checkouts Full call number Barcode Date last seen Price effective from Koha item type
        WIIW WIIW Souterrain 10/14/1992 953   I-696/4-89 300951 01/26/2017 01/26/2017 Book
The Vienna Instiute for International Economic Studies (wiiw)